Las prohibiciones de disponer o la fuerza constitutiva del Registro (Registro nro. 159692)

Detalles MARC
000 -LEADER
fixed length control field 01448ny a22003493n 4500
006 - FIXED-LENGTH DATA ELEMENTS--ADDITIONAL MATERIAL CHARACTERISTICS--GENERAL INFORMATION
fixed length control field m u
007 - PHYSICAL DESCRIPTION FIXED FIELD--GENERAL INFORMATION
fixed length control field cr cn|||||||||
008 - FIXED-LENGTH DATA ELEMENTS--GENERAL INFORMATION
fixed length control field 200806r20062008sp |||||s|||||||||||spa d
020 ## - INTERNATIONAL STANDARD BOOK NUMBER
International Standard Book Number 9788476987599
035 ## -
-- 1331
040 ## - CATALOGING SOURCE
Original cataloging agency FlNmELB
Transcribing agency FlNmELB
Modifying agency vlex
050 14 -
-- KKT668
-- C227 2006eb
080 ## -
-- 347.21(460)
080 ## -
-- 347.235(460)
080 ## -
-- 347.235.11(460)
090 ## -
-- 1198
-- 1198
100 1# - MAIN ENTRY--PERSONAL NAME
Personal name Cano Martínez de Velasco, José Ignacio
245 14 - TITLE STATEMENT
Title Las prohibiciones de disponer o la fuerza constitutiva del Registro
Medium [Recurso electrónico]
Statement of responsibility, etc José Ignacio Cano Martínez de Velasco
256 ## -
-- Servicio en línea
260 ## - PUBLICATION, DISTRIBUTION, ETC. (IMPRINT)
Place of publication, distribution, etc Barcelona :
Name of publisher, distributor, etc Bosch,
Date of publication, distribution, etc 2006
300 ## - PHYSICAL DESCRIPTION
Extent 210 p. ;
Dimensions 25 cm
504 ## - BIBLIOGRAPHY, ETC. NOTE
Bibliography, etc Bibliogr. : p. 193-203
506 1# - RESTRICTIONS ON ACCESS NOTE
Terms governing access Contenido solo disponible en los productos indicados
Authorized users vLex Global
-- vLex Global (Academic Edition, excluding Law Schools)
-- vLex Global (U.S. Academic Edition, Law Schools)
-- vLex Global (U.S. Academic Edition, excluding Law Schools)
-- vLex Global (Academic Edition, Law Schools)
650 07 - SUBJECT ADDED ENTRY--TOPICAL TERM
Topical term or geographic name as entry element Registro de la propiedad
Source of heading or term Tesauro vLex
650 07 - SUBJECT ADDED ENTRY--TOPICAL TERM
Topical term or geographic name as entry element Civil
Source of heading or term Tesauro vLex
650 07 - SUBJECT ADDED ENTRY--TOPICAL TERM
Topical term or geographic name as entry element Derecho inmobiliario registral
Source of heading or term Tesauro vLex
650 07 - SUBJECT ADDED ENTRY--TOPICAL TERM
Topical term or geographic name as entry element Derecho hipotecario
Source of heading or term Tesauro vLex
740 0# -
-- vLex Libros (Servicios en línea)
856 40 - LOCALIZACIÓN Y ACCESO ELECTRÓNICO
Identificador Uniforme del Recurso (URI/URL) https://app.vlex.com/#/sources/prohibiciones-disponer-fuerza-registro-1331
942 ## -
-- RAA
999 ## -
-- 159692
-- 159692

No hay ítems disponibles.


CONTACTO


NOSOTROS


SITIOS DE INTERES

coordinacion.biblioteca.biblioteca@unienlinea.mx Misión, Visión y Objetivos Bases de datos
Directorio Bibliotecas Digitales y Repositorios
Normatividad Revistas y artículos
Convenios interbibliotecarios
Boletines



Hecho en México. Universidad Insurgentes (UIN). Todos los derechos reservados 2024. Esta página y sus contenidos pueden ser reproducidos con fines no lucrativos, siempre y cuando no se mutile, se cite la fuente completa y su dirección electrónicas. De otra forma requiere permiso previo por escrito de la institución




2024 Copyright Universidad Insurgentes | www.bibliouin.com.mx